000 00716nam a22002417i 4500
003 URS
005 20220114152350.0
008 190507b ||||| |||| 00| 0 eng d
020 _a9789331318558
040 _beng
_erda
_cURS Pililla
050 _aLB2970.N55
_bN29e 2013
082 _a371.2
_bN29e 2013
100 1 _aNehru, R.S.S.
245 _aEducational administration, management and planning.
264 1 _aNew Delhi
_bA.P.H. Pub.,Corpages
_c2013.
300 _axiv, 265 .
_billustrations
_c21cm
336 _atext
_btxt
_2rdacontent
337 _aunmediated
_bn
_2rdamedia
338 _avolume
_bnc
_2rdacarrier
500 _aIncludes bibliography
650 0 _aEducational administration.
942 _cFR
_2ddc
999 _c6431
_d6431